000 00629nam a2200205 4500
001 122069
003 ES-MaACL
005 20240521124636.0
007 t|
008 070214s1967 sp r ||||1| spa d
245 0 0 _aPoemas hagiográficos de carácter juglaresco /
_cestudio y edición de Manuel Alvar.
260 _aMadrid :
_bAlcalá,
_c1967.
300 _a129 p. ;
_c18 cm.
490 1 _aAula Magna ;
_v11
700 1 _aAlvar, Manuel,
_d1923-2001
_920583
830 0 _aAula Magna ;
_v11
_9186555
852 _aES-MaACL
_jE-5481
_bR.89612
852 _aES-MaACL
_jC-31363
_bR.61853
999 _c122069
_d122069